| 000 | 01315nam a22003017a 4500 | ||
|---|---|---|---|
| 003 | OSt | ||
| 005 | 20170413112006.0 | ||
| 008 | 170413s1997 spcd || 000 ||cat|d | ||
| 020 | _a8449009189 (Universitat Autònoma de Barcelona) | ||
| 020 | _a8480211865 (Universitat Jaume I) | ||
| 020 | _a8437033187 (Universitat de València) | ||
| 040 |
_aES-BaCBU _bcat _cCDMR |
||
| 245 | 0 | 3 |
_aLa Parla com a espectacle _b: estudi d'un debat televisiu / _cCercle d'Anàlisi del Discurs ; Helena Calsamiglia ... [et al.] |
| 260 |
_aBellaterra [etc.] : _bUniversitat Autònoma de Barcelona [etc.], _c1997 |
||
| 300 |
_a149 p. : _bil., taules, gràf.; _c24 cm |
||
| 505 | 8 | _aInclou: Apèndix 1. La ritualització visual / Guy Lochard i Jean-Claude Soulages -- Apèndix 2.Entrevista amb Joaquim M. Puyal a propòsit del programa "La vida en un xip" | |
| 600 | 1 | 4 | _aCalsamiglia, Helena |
| 650 | 0 | 4 | _aAnàlisi del discurs |
| 650 | 0 | 4 |
_aProgrames de televisió _xAnàlisi de contingut |
| 650 | 0 | 4 |
_aTelevisió _xProgrames |
| 650 | 0 | 4 | _aTelevisió i llenguatge |
| 700 | 1 | _aCalsamiglia, Helena | |
| 700 | 1 |
_aLochard, Guy. _tRitualització visual |
|
| 700 | 1 |
_aSoulages, Jean-Claude. _tRitualització visual |
|
| 700 | 1 |
_aPuyal, Joaquim M. _q(Joaquim Maria), _d1949- |
|
| 710 | 2 | _aCercle d'Anàlisi del Discurs | |
| 942 | _cMON | ||
| 999 |
_c7013 _d7013 |
||